[Event "BCF-chT2a 0910 (4NCL)"]
[Site "England"]
[Date "2009.10.24"]
[Round "1.4"]
[White "O'Shaughnessy, Conor"]
[Black "Gregory, Stephen J"]
[Result "1/2-1/2"]
[WhiteElo "2200"]
[BlackElo "2126"]
[PlyCount "94"]
[EventDate "2009.10.24"]
[EventType "team-tourn"]
[EventRounds "7"]
[EventCountry "ENG"]
[SourceTitle "EXT 2010"]
[Source "ChessBase"]
[SourceDate "2010.11.25"]
[SourceVersion "1"]
[SourceVersionDate "2010.11.25"]
[SourceQuality "1"]
[WhiteTeam "Kings Head"]
[BlackTeam "Anglian Avengers"]
[WhiteTeamCountry "ENG"]
[BlackTeamCountry "ENG"]

1. e4 d6 2. d4 Nf6 3. Nc3 g6 4. Bg5 c6 5. h3 b5 6. Bd3 Bg7 7. Qd2 b4 8. Nce2 Qb6 9. Nf3 Ba6 10. 0-0 0-0 11. c4 bxc3 12. Nxc3 Bxd3 13. Qxd3 Rd8 14. Qc2 Nbd7 15. Rfd1 h6 16. Be3 Rab8 17. b3 Qa5 18. Rac1 Kh7 19. Bd2 Qa6 20. Bf4 Nh5 21. Be3 e5 22. dxe5 dxe5 23. Na4 Nf4 24. Bxf4 exf4 25. Rxd7 Rxd7 26. Nc5 Qc8 27. Nxd7 Qxd7 28. Qxc6 Rb7 29. e5 Qxc6 30. Rxc6 g5 31. Ra6 Bf8 32. e6 fxe6 33. Rxe6 Rc7 34. Re2 Rc1+ 35. Kh2 Bb4 36. g3 Kg6 37. Kg2 fxg3 38. fxg3 a5 39. Ne5+ Kf6 40. Nd3 Rc3 41. Nxb4 axb4 42. Re4 Rc2+ 43. Kf3 Rc3+ 44. Re3 Rc2 45. Kg4 Rxa2 46. Re4 Rg2 47. Rxb4 h5+ 1/2-1/2

[Event "BCF-chT3 0607 (4NCL)"]
[Site "Sunningdale"]
[Date "2007.01.13"]
[Round "5.6"]
[White "Varnam, Liam"]
[Black "O'Shaughnessy, Conor"]
[Result "0-1"]
[WhiteElo "2046"]
[BlackElo "2201"]
[PlyCount "78"]
[EventDate "2006.09.16"]
[EventType "team"]
[EventRounds "11"]
[EventCountry "ENG"]
[SourceTitle "EXT 2008"]
[Source "ChessBase"]
[SourceDate "2007.11.25"]
[SourceVersion "1"]
[SourceVersionDate "2007.11.25"]
[SourceQuality "1"]
[WhiteTeam "Slough Sharks III"]
[BlackTeam "Kings Head"]
[WhiteTeamCountry "ENG"]
[BlackTeamCountry "ENG"]

1. e4 c5 2. Nf3 d6 3. d4 cxd4 4. Nxd4 Nf6 5. Nc3 a6 6. Bc4 e6 7. Bb3 Nbd7 8. Be3 Nc5 9. f3 b5 10. a3 Bb7 11. Qd2 Qc7 12. Ba2 Be7 13. g4 Rc8 14. h4 h6 15. 0-0-0 Nfd7 16. g5 Ne5 17. gxh6 gxh6 18. Bxh6 Nxf3 19. Nxf3 Nxe4 20. Qe3 Nxc3 21. bxc3 Bxf3 22. Bg7 Rh7 23. Qxf3 Rxg7 24. Rd3 d5 25. h5 Qe5 26. Kb2 Bg5 27. Qd1 Kf8 28. Re1 Qd6 29. Bb3 Be7 30. Qa1 Bf6 31. Qd1 Rg3 32. Ree3 Rxe3 33. Rxe3 Qc5 34. Qf3 Bg5 35. Rxe6 Bd2 36. Rxa6 Bxc3+ 37. Kc1 Qg1+ 38. Qd1 Bb2+ 39. Kd2 Qd4+ 0-1

[Event "BCF-chT2 0304 (4NCL)"]
[Site "West Bromwich"]
[Date "2004.03.21"]
[Round "6.4"]
[White "O'Shaughnessy, Conor"]
[Black "Guimaraes, Rui"]
[Result "1-0"]
[WhiteElo "2202"]
[BlackElo "2154"]
[PlyCount "73"]
[EventDate "2003.11.17"]
[EventType "team"]
[EventRounds "11"]
[EventCountry "ENG"]
[SourceTitle "EXT 2005"]
[Source "ChessBase"]
[SourceDate "2004.11.15"]
[SourceVersion "1"]
[SourceVersionDate "2004.11.15"]
[SourceQuality "1"]
[WhiteTeam "Kings Head"]
[BlackTeam "Mindsports"]
[WhiteTeamCountry "ENG"]
[BlackTeamCountry "ENG"]

1. e4 c5 2. Nf3 d6 3. Bb5+ Bd7 4. Bxd7+ Nxd7 5. 0-0 g6 6. c3 Bg7 7. d4 Qc7 8. Re1 e5 9. dxe5 dxe5 10. Na3 a6 11. Nc4 f6 12. Qd5 0-0-0 13. Nd6+ Kb8 14. Nf7 Ne7 15. Qe6 Nf8 16. Qc4 Rc8 17. Nxh8 Bxh8 18. Be3 f5 19. Bg5 Bg7 20. Rad1 fxe4 21. Bxe7 Qxe7 22. Rxe4 Nd7 23. Qd5 Rc7 24. c4 h6 25. Qd6 Qf7 26. b3 g5 27. h3 Qf5 28. Qd3 Ka7 29. Re2 Qf7 30. Qd6 Kb8 31. Nd2 Bf8 32. Qd3 h5 33. Ne4 g4 34. hxg4 hxg4 35. Ng3 Ka7 36. Qf5 Qg7 37. Re4 1-0

[Event "BCF-chT2 0304 (4NCL)"]
[Site "West Bromwich"]
[Date "2004.01.17"]
[Round "3.4"]
[White "O'Shaughnessy, Conor"]
[Black "Adams, Philip"]
[Result "0-1"]
[WhiteElo "2202"]
[BlackElo "2077"]
[PlyCount "78"]
[EventDate "2003.11.17"]
[EventType "team"]
[EventRounds "11"]
[EventCountry "ENG"]
[SourceTitle "EXT 2005"]
[Source "ChessBase"]
[SourceDate "2004.11.15"]
[SourceVersion "1"]
[SourceVersionDate "2004.11.15"]
[SourceQuality "1"]
[WhiteTeam "Kings Head"]
[BlackTeam "Numerica 3CS II"]
[WhiteTeamCountry "ENG"]
[BlackTeamCountry "ENG"]

1. Nf3 g6 2. e4 c5 3. c3 Bg7 4. Na3 Nf6 5. d3 0-0 6. Be2 Nc6 7. 0-0 d6 8. h3 Rb8 9. Bg5 b5 10. Qd2 b4 11. Nc4 bxc3 12. bxc3 Ba6 13. Ne3 Qa5 14. Rfc1 Rb7 15. Bd1 c4 16. Bxf6 Bxf6 17. d4 Rfb8 18. Be2 Rb2 19. Rc2 Rb1+ 20. Rxb1 Rxb1+ 21. Kh2 Qa4 22. Nd5 Bg7 23. Nc7 e6 24. Rb2 Rxb2 25. Qxb2 Qa5 26. Nxa6 Qxa6 27. Nd2 d5 28. exd5 exd5 29. Nf1 Bf8 30. Ne3 Bd6+ 31. g3 Ne7 32. h4 h5 33. Bf3 Qa5 34. Kg2 Kg7 35. Qb7 Qxa2 36. Nxd5 Nf5 37. Qd7 Bxg3 38. Kh3 Qxf2 39. Bg2 Qg1 0-1

[Event "BCF-chT2 0203 (4NCL)"]
[Site "West Bromwich"]
[Date "2003.05.04"]
[Round "10.5"]
[White "O'Shaughnessy, Conor"]
[Black "Burnett, Jim"]
[Result "1-0"]
[WhiteElo "2207"]
[BlackElo "2187"]
[PlyCount "57"]
[EventDate "2002.11.??"]
[EventType "team"]
[EventRounds "11"]
[EventCountry "ENG"]
[SourceTitle "EXT 2004"]
[Source "ChessBase"]
[SourceDate "2003.11.25"]
[SourceVersion "1"]
[SourceVersionDate "2003.11.25"]
[SourceQuality "1"]
[WhiteTeam "Kings Head"]
[BlackTeam "White Rose"]
[WhiteTeamCountry "ENG"]
[BlackTeamCountry "ENG"]

1. Nf3 d5 2. b3 Nf6 3. Bb2 e6 4. e3 Be7 5. c4 0-0 6. Be2 b6 7. 0-0 Bb7 8. d4 c6 9. Nc3 Nbd7 10. Rc1 Rc8 11. Bd3 Qc7 12. cxd5 exd5 13. Re1 Rfe8 14. e4 dxe4 15. Nxe4 Nxe4 16. Rxe4 Nf6 17. Re1 Qb8 18. Ne5 g6 19. Bc4 Nd5 20. Qf3 f6 21. Nxc6 Bxc6 22. Bxd5+ Bxd5 23. Qxd5+ Kg7 24. Qd7 Qd6 25. Qxa7 Ra8 26. Qc7 Qxc7 27. Rxc7 Rxa2 28. Rcxe7+ Rxe7 29. Rxe7+ 1-0

[Event "BCF-chT2 0102 (4NCL)"]
[Site "Birmingham"]
[Date "2002.01.20"]
[Round "6.6"]
[White "Gilbert, Jessie"]
[Black "O'Shaughnessy, Conor"]
[Result "1/2-1/2"]
[WhiteElo "2090"]
[BlackElo "2216"]
[PlyCount "116"]
[EventDate "2001.09.22"]
[EventType "team"]
[EventRounds "11"]
[EventCountry "ENG"]
[SourceTitle "EXT 2003"]
[Source "ChessBase"]
[SourceDate "2002.11.25"]
[SourceVersion "1"]
[SourceVersionDate "2002.11.25"]
[SourceQuality "1"]
[WhiteTeam "PYO"]
[BlackTeam "Kings Head"]
[WhiteTeamCountry "ENG"]
[BlackTeamCountry "ENG"]

1. d4 Nf6 2. c4 e6 3. Nc3 c5 4. d5 exd5 5. cxd5 d6 6. e4 g6 7. f3 Bg7 8. Bg5 h6 9. Be3 0-0 10. Qd2 Kh7 11. a4 Nbd7 12. Nh3 a6 13. Be2 Rb8 14. Nf2 Qc7 15. 0-0 Ng8 16. Rae1 Qa5 17. Qc2 b5 18. axb5 axb5 19. f4 b4 20. Ncd1 b3 21. Qd2 Qxd2 22. Bxd2 Ngf6 23. Ne3 Ne8 24. Nc4 Nb6 25. Nd1 f5 26. Nxb6 Rxb6 27. Bc4 fxe4 28. Rxe4 Nf6 29. Re7 Ba6 30. Bxa6 Rxa6 31. Bc3 Kg8 32. Ne3 Nh5 33. Bxg7 Nxg7 34. Rb7 Nf5 35. Rxb3 Nd4 36. Ra3 Rb6 37. Rf2 Rb4 38. g3 Rfb8 39. Ra6 Rxb2 40. Rxd6 Rxf2 41. Kxf2 Rb2+ 42. Kf1 g5 43. Rxh6 gxf4 44. gxf4 Kg7 45. Rh3 Kf6 46. Rg3 Nf5 47. Ng4+ Ke7 48. Rd3 Kd6 49. Ne5 Rb4 50. Nf7+ Kd7 51. Kg2 Rxf4 52. Ra3 Nh4+ 53. Kg3 Rxf7 54. Ra7+ Ke8 55. Ra8+ Ke7 56. Kxh4 Rf5 57. Kg4 Rxd5 58. h4 Kf6 1/2-1/2

[Event "BCF-chT2 0001 (4NCL)"]
[Site "Birmingham"]
[Date "2001.05.05"]
[Round "9.4"]
[White "O'Shaughnessy, Conor"]
[Black "Ashton, Adam"]
[Result "1/2-1/2"]
[WhiteElo "2214"]
[BlackElo "1992"]
[PlyCount "38"]
[EventDate "2000.11.26"]
[EventType "team"]
[EventRounds "11"]
[EventCountry "ENG"]
[SourceTitle "CBM 079 Extra"]
[Source "ChessBase"]
[SourceDate "2001.01.11"]
[SourceVersion "2"]
[SourceVersionDate "2001.01.25"]
[SourceQuality "1"]
[WhiteTeam "Kigns Head"]
[BlackTeam "3CS Oldham"]
[WhiteTeamCountry "ENG"]
[BlackTeamCountry "ENG"]

1. e4 e5 2. Nf3 Nc6 3. Bb5 a6 4. Bxc6 dxc6 5. 0-0 Bd6 6. d4 exd4 7. Qxd4 f6 8. Nbd2 Be6 9. Nc4 Bxh2+ 10. Kxh2 Qxd4 11. Nxd4 Bxc4 12. Rd1 0-0-0 13. Be3 Ne7 14. b3 Bf7 15. f3 c5 16. Nf5 Nxf5 17. exf5 b6 18. Kg3 Rxd1 19. Rxd1 Re8 1/2-1/2

[Event "Bunratty Masters op"]
[Site "Bunratty"]
[Date "2001.02.18"]
[Round "6"]
[White "O'Shaughnessy, Conor"]
[Black "Wilman, Carey"]
[Result "1/2-1/2"]
[WhiteElo "2214"]
[BlackElo "2051"]
[PlyCount "27"]
[EventDate "2001.02.19"]
[EventType "swiss"]
[EventRounds "6"]
[EventCountry "IRL"]
[SourceTitle "CBM 080 Extra"]
[Source "ChessBase"]
[SourceDate "2001.03.08"]
[SourceVersion "1"]
[SourceVersionDate "2001.03.08"]
[SourceQuality "1"]

1. e4 d6 2. d4 Nf6 3. Nc3 g6 4. Nf3 Bg7 5. Bg5 c6 6. Be2 Bg4 7. h3 Bxf3 8. Bxf3 Nbd7 9. 0-0 Qa5 10. Qd2 Qc7 11. a4 a5 12. Rfe1 0-0 13. Rad1 Rfe8 14. Qf4 1/2-1/2

[Event "BCF-chT2 0001 (4NCL)"]
[Site "Birmingham"]
[Date "2000.09.23"]
[Round "1.5"]
[White "O'Shaughnessy, Conor"]
[Black "Frost, Nicholas"]
[Result "1-0"]
[WhiteElo "2214"]
[BlackElo "2164"]
[PlyCount "199"]
[EventDate "2000.11.26"]
[EventType "team"]
[EventRounds "11"]
[EventCountry "ENG"]
[SourceTitle "CBM 079 Extra"]
[Source "ChessBase"]
[SourceDate "2001.01.11"]
[SourceVersion "2"]
[SourceVersionDate "2001.01.25"]
[SourceQuality "1"]
[WhiteTeam "Kigns Head"]
[BlackTeam "PER"]
[WhiteTeamCountry "ENG"]
[BlackTeamCountry "ENG"]

1. e4 e6 2. d4 d5 3. Nd2 Nf6 4. e5 Nfd7 5. Bd3 c5 6. c3 Nc6 7. Ne2 cxd4 8. cxd4 f6 9. exf6 Nxf6 10. 0-0 Bd6 11. Nf3 0-0 12. Bg5 Qc7 13. Ng3 Bf4 14. Bxf4 Qxf4 15. Bb5 Ne4 16. Bxc6 bxc6 17. Qc1 Ba6 18. Re1 Rac8 19. Qe3 c5 20. dxc5 Qxe3 21. Rxe3 Nxc5 22. Ra3 Bb5 23. Rxa7 Nd3 24. Nd4 Be8 25. Nxe6 Rf7 26. Rxf7 Bxf7 27. Nd4 Nxb2 28. Nge2 Ra8 29. f3 Nc4 30. Nc3 Na3 31. Rc1 h6 32. Kf2 Rb8 33. g4 Rb4 34. Rd1 Rc4 35. Nde2 Rc5 36. Rd4 Nc2 37. Rd2 Na3 38. Kg3 Nc4 39. Rd3 Ne5 40. Rd2 Nc6 41. a4 Rc4 42. Nxd5 Rxa4 43. Ne3 Ra2 44. Rxa2 Bxa2 45. h4 Kf7 46. Kf4 Ne7 47. Nf5 Ng6+ 48. Kg3 Bb1 49. Nfd4 Ba2 50. Nc3 Bc4 51. Ne4 Bd3 52. Nc5 Bb1 53. Na4 Ne7 54. Nc3 Bd3 55. g5 hxg5 56. hxg5 Ng6 57. Nd5 Bc4 58. Ne3 Bd3 59. f4 Nf8 60. f5 Bxf5 61. Ndxf5 Nh7 62. Kg4 Nxg5 63. Kxg5 Ke6 64. Ng4 Kd5 65. Ne7+ Ke4 66. Ng6 Kd4 67. Kf5 Kd5 68. Ne3+ Kd4 69. Kf4 Kd3 70. Nf5 Kc3 71. Ke4 Kc4 72. Nd6+ Kc3 73. Ke3 Kc2 74. Ne4 Kb3 75. Kd4 Kb4 76. Nc3 Kb3 77. Nd5 Kc2 78. Ke3 Kb3 79. Kd3 Ka4 80. Kc4 Ka5 81. Nc3 Kb6 82. Kd5 Ka5 83. Kc5 Ka6 84. Nd5 Ka5 85. Nb6 Ka6 86. Nc4 Ka7 87. Kd6 Kb7 88. Kd7 Ka7 89. Kc7 Ka6 90. Kc6 Ka7 91. Nd6 Ka6 92. Nb7 Ka7 93. Nc5 Kb8 94. Kd7 Ka7 95. Kc7 Ka8 96. Nd7 Ka7 97. Nb8 Ka8 98. Ne7 g5 99. Nec6 g4 100. Nd7 1-0

[Event "BCF-chT2 9899 (4NCL)"]
[Site "England"]
[Date "1998.11.22"]
[Round "4.3"]
[White "O'Shaughnessy, Conor"]
[Black "Tan, Desmond"]
[Result "1-0"]
[WhiteElo "2190"]
[BlackElo "2150"]
[PlyCount "45"]
[EventDate "1998.10.??"]
[EventType "team"]
[EventRounds "11"]
[EventCountry "ENG"]
[SourceTitle "EXT 2000"]
[Source "ChessBase"]
[SourceDate "1999.11.16"]
[SourceVersion "1"]
[SourceVersionDate "1999.11.16"]
[SourceQuality "1"]
[WhiteTeam "Kings Head"]
[BlackTeam "Wood Green II"]
[WhiteTeamCountry "ENG"]
[BlackTeamCountry "ENG"]

1. e4 c5 2. Nf3 d6 3. Bb5+ Bd7 4. Bxd7+ Qxd7 5. 0-0 Nc6 6. c3 Nf6 7. d4 cxd4 8. cxd4 d5 9. e5 Ng8 10. Nc3 e6 11. h4 h5 12. Bg5 Nge7 13. Rc1 Nf5 14. a3 Be7 15. Qd2 0-0 16. Ne2 a5 17. Ng3 Bxg5 18. Qxg5 Nxg3 19. fxg3 Qd8 20. Qxh5 Qb6 21. Kh2 f6 22. exf6 Rxf6 23. Ng5 1-0

[Event "BCF-chT2 9899 (4NCL)"]
[Site "England"]
[Date "1998.10.24"]
[Round "1.4"]
[White "O'Shaughnessy, Conor"]
[Black "Crichton, Martin"]
[Result "1-0"]
[WhiteElo "2190"]
[BlackElo "2030"]
[PlyCount "57"]
[EventDate "1998.10.??"]
[EventType "team"]
[EventRounds "11"]
[EventCountry "ENG"]
[SourceTitle "EXT 2000"]
[Source "ChessBase"]
[SourceDate "1999.11.16"]
[SourceVersion "1"]
[SourceVersionDate "1999.11.16"]
[SourceQuality "1"]
[WhiteTeam "Kings Head"]
[BlackTeam "Slough II"]
[WhiteTeamCountry "ENG"]
[BlackTeamCountry "ENG"]

1. e4 c6 2. c4 d5 3. exd5 cxd5 4. d4 Nf6 5. Nc3 Nc6 6. Nf3 Bg4 7. cxd5 Nxd5 8. Bc4 e6 9. Be3 Bb4 10. Rc1 0-0 11. 0-0 Rc8 12. Be2 Nce7 13. Qb3 a6 14. h3 Bh5 15. Nxd5 Nxd5 16. a3 Nxe3 17. fxe3 Rxc1 18. Rxc1 Bd6 19. Qxb7 Bxf3 20. Bxf3 Qg5 21. Kf2 Qg3+ 22. Ke2 g6 23. Qxa6 Kg7 24. Rc6 Be7 25. Qb7 Bh4 26. Rc2 Qf2+ 27. Kd3 Qf1+ 28. Be2 Qxg2 29. Qxg2 1-0

[Event "BCF-chT2 9798 (4NCL)"]
[Site "England"]
[Date "1998.05.25"]
[Round "11.2"]
[White "Ledger, Andrew"]
[Black "O'Shaughnessy, Conor"]
[Result "1-0"]
[WhiteElo "2460"]
[BlackElo "2210"]
[PlyCount "63"]
[EventDate "1997.11.??"]
[EventType "team"]
[EventRounds "11"]
[EventCountry "ENG"]
[SourceTitle "EXT 1999"]
[Source "ChessBase"]
[SourceDate "1998.11.16"]
[SourceVersion "1"]
[SourceVersionDate "1998.11.16"]
[SourceQuality "1"]
[WhiteTeam "Invicta Knights Maidstone II"]
[BlackTeam "Kings Head"]
[WhiteTeamCountry "ENG"]
[BlackTeamCountry "ENG"]

1. e4 c5 2. Nc3 Nc6 3. g3 g6 4. d3 Bg7 5. Be3 d6 6. Qd2 Rb8 7. Bg2 b5 8. Nge2 b4 9. Nd1 h5 10. h3 Nf6 11. f4 Qb6 12. Bf2 e6 13. Ne3 a5 14. Nc4 Qc7 15. e5 dxe5 16. Bxc5 Bf8 17. Bxf8 Kxf8 18. fxe5 Nxe5 19. Qf4 Nfd7 20. Nd4 Kg8 21. Nc6 Rb5 22. 0-0-0 Rh7 23. Ne7+ Kh8 24. Nxc8 Qxc8 25. Nd6 Qc5 26. Nxb5 Qxb5 27. d4 Nc4 28. Bf1 Qd5 29. Bxc4 Qxc4 30. Qd6 f5 31. Kb1 Rf7 32. d5 1-0

[Event "BCF-chT2 9798 (4NCL)"]
[Site "England"]
[Date "1998.05.23"]
[Round "9.4"]
[White "O'Shaughnessy, Conor"]
[Black "Singleton, Michael Peter F"]
[Result "1-0"]
[WhiteElo "2210"]
[BlackElo "2080"]
[PlyCount "71"]
[EventDate "1997.11.??"]
[EventType "team"]
[EventRounds "11"]
[EventCountry "ENG"]
[SourceTitle "EXT 1999"]
[Source "ChessBase"]
[SourceDate "1998.11.16"]
[SourceVersion "1"]
[SourceVersionDate "1998.11.16"]
[SourceQuality "1"]
[WhiteTeam "Kings Head"]
[BlackTeam "Guildford II"]
[WhiteTeamCountry "ENG"]
[BlackTeamCountry "ENG"]

1. b3 e5 2. Bb2 Nc6 3. c4 d6 4. e3 Bf5 5. Nf3 Be7 6. d3 Nf6 7. Nc3 Qd7 8. Be2 0-0-0 9. a3 d5 10. cxd5 Nxd5 11. Nxd5 Qxd5 12. e4 Bxe4 13. dxe4 Qa5+ 14. Nd2 Bg5 15. Bc1 Rd6 16. Bc4 f5 17. Bd5 Qc3 18. Ra2 Nd4 19. 0-0 Qxc1 20. Nc4 Qc3 21. Nxd6+ cxd6 22. Qh5 h6 23. h4 Bf4 24. Qg6 h5 25. Qxd6 Rh6 26. Qf8+ Kc7 27. Qe7+ Kc8 28. exf5 Qd3 29. Be6+ Nxe6 30. fxe6 Rg6 31. Qc5+ Kb8 32. e7 Qd7 33. g3 e4 34. Rc2 Rc6 35. Qxh5 Rxc2 36. e8Q+ 1-0

[Event "BCF-chT2 9798 (4NCL)"]
[Site "England"]
[Date "1998.01.25"]
[Round "6.3"]
[White "O'Shaughnessy, Conor"]
[Black "Mortazavi, Ali"]
[Result "0-1"]
[WhiteElo "2210"]
[BlackElo "2385"]
[PlyCount "64"]
[EventDate "1997.11.??"]
[EventType "team"]
[EventRounds "11"]
[EventCountry "ENG"]
[SourceTitle "EXT 1999"]
[Source "ChessBase"]
[SourceDate "1998.11.16"]
[SourceVersion "1"]
[SourceVersionDate "1998.11.16"]
[SourceQuality "1"]
[WhiteTeam "Kings Head"]
[BlackTeam "Simpsons"]
[WhiteTeamCountry "ENG"]
[BlackTeamCountry "ENG"]

1. b3 c5 2. Bb2 b6 3. c4 Bb7 4. Nf3 e6 5. d4 cxd4 6. Nxd4 Nf6 7. Nc3 a6 8. f3 Qc7 9. e4 Bd6 10. g3 h5 11. Bg2 Nc6 12. Nc2 Ne7 13. Qd2 Ng6 14. 0-0-0 Be7 15. Kb1 h4 16. f4 h3 17. Bf3 0-0 18. Rhf1 d6 19. Nd4 Qd7 20. Bh1 b5 21. cxb5 axb5 22. Ndxb5 Nxe4 23. Bxe4 Bxe4+ 24. Nxe4 Qxb5 25. Qc3 f6 26. Qc2 Qa6 27. Nc3 f5 28. a4 Rfc8 29. Rfe1 d5 30. Qd3 Bb4 31. Re2 Bxc3 32. Bxc3 Rxc3 0-1

[Event "BCF-chT2 9798 (4NCL)"]
[Site "England"]
[Date "1997.11.22"]
[Round "3.2"]
[White "O'Shaughnessy, Conor"]
[Black "Gayson, Peter"]
[Result "0-1"]
[WhiteElo "2205"]
[BlackElo "2240"]
[PlyCount "50"]
[EventDate "1997.11.??"]
[EventType "team"]
[EventRounds "11"]
[EventCountry "ENG"]
[SourceTitle "EXT 1999"]
[Source "ChessBase"]
[SourceDate "1998.11.16"]
[SourceVersion "1"]
[SourceVersionDate "1998.11.16"]
[SourceQuality "1"]
[WhiteTeam "Kings Head"]
[BlackTeam "White Rose"]
[WhiteTeamCountry "ENG"]
[BlackTeamCountry "ENG"]

1. e4 c5 2. Nf3 e6 3. c3 d5 4. exd5 exd5 5. d4 Nf6 6. Bb5+ Bd7 7. Qe2+ Be7 8. dxc5 0-0 9. Be3 Ne4 10. 0-0 Bxc5 11. Bxc5 Nxc5 12. Bxd7 Nbxd7 13. Na3 Re8 14. Qd2 Nf6 15. Nc2 Nfe4 16. Qd1 Qb6 17. Nb4 Rad8 18. Rb1 Ne6 19. Qc2 Nf4 20. Nd3 Ne6 21. Nb4 Nf6 22. a3 Nf4 23. Rfe1 Ne4 24. Nxd5 Rxd5 25. Rxe4 Nh3+ 0-1

[Event "BCF-chT 9697 (4NCL)"]
[Site "England"]
[Date "1997.??.??"]
[Round "5.2"]
[White "McDonald, Neil R"]
[Black "O'Shaughnessy, Conor"]
[Result "1-0"]
[WhiteElo "2500"]
[BlackElo "2260"]
[PlyCount "71"]
[EventDate "1996.10.??"]
[EventType "team"]
[EventRounds "12"]
[EventCountry "ENG"]
[SourceTitle "EXT 1999"]
[Source "ChessBase"]
[SourceDate "1998.11.16"]
[SourceVersion "1"]
[SourceVersionDate "1998.11.16"]
[SourceQuality "1"]
[WhiteTeam "Invicta Knights Maidstone"]
[BlackTeam "Na Fianna"]
[WhiteTeamCountry "ENG"]
[BlackTeamCountry "ENG"]

1. e4 c5 2. Nf3 d6 3. d4 cxd4 4. Nxd4 Nf6 5. Nc3 a6 6. Bg5 e6 7. f4 Nbd7 8. Qf3 Qc7 9. 0-0-0 b5 10. Bd3 Bb7 11. Rhe1 h6 12. Bh4 Be7 13. a3 Rc8 14. Kb1 g5 15. fxg5 Ne5 16. Qe2 Nfd7 17. Qh5 Nc5 18. gxh6 Bxh4 19. Qxh4 Qe7 20. Qf2 Rxh6 21. h3 Qf6 22. Qe3 Qg7 23. Bf1 Rf6 24. g4 Qh7 25. g5 Rxf1 26. Rxf1 Nxe4 27. Nxe4 Bxe4 28. Rf2 Nc4 29. Qf4 e5 30. Qg4 Rc7 31. Re1 d5 32. Nf5 Qg6 33. Rxe4 dxe4 34. Qxe4 Qxg5 35. Qa8+ Qd8 36. Ng7+ 1-0

[Event "Coulsdon"]
[Site "Coulsdon"]
[Date "1997.??.??"]
[Round "6"]
[White "O'Shaughnessy, Conor"]
[Black "Dunworth, Christopher"]
[Result "1/2-1/2"]
[WhiteElo "2220"]
[BlackElo "2330"]
[PlyCount "117"]
[EventDate "1997.05.26"]
[EventType "tourn"]
[EventRounds "9"]
[EventCountry "ENG"]
[EventCategory "4"]
[SourceTitle "CBM 058 Extra"]
[Source "ChessBase"]
[SourceDate "1997.07.29"]
[SourceVersion "1"]
[SourceVersionDate "1997.07.29"]
[SourceQuality "1"]

1. e4 g6 2. d4 c6 3. Nc3 d6 4. f4 d5 5. Nf3 dxe4 6. Nxe4 Bg4 7. c3 Nd7 8. Bc4 Bxf3 9. Qxf3 Ngf6 10. 0-0 e6 11. Bd2 Qb6 12. Rae1 Nxe4 13. Qxe4 0-0-0 14. Qc2 Bd6 15. Re2 Qc7 16. Bd3 c5 17. dxc5 Nxc5 18. Be4 Nxe4 19. Qxe4 Rd7 20. Be3 Bc5 21. Bxc5 Qxc5+ 22. Qe3 Qxe3+ 23. Rxe3 Rd2 24. Rf2 Rd1+ 25. Rf1 Rd2 26. Rf2 Rd1+ 27. Rf1 Rhd8 28. Rxd1 Rxd1+ 29. Kf2 h5 30. Re2 Kc7 31. Kf3 Rb1 32. a3 Rd1 33. Re4 a5 34. Rc4+ Kb6 35. a4 Rf1+ 36. Kg3 Ra1 37. Rd4 Kc7 38. Rc4+ Kd7 39. Rd4+ Kc7 40. Rc4+ Kb8 41. Rd4 Ra2 42. Rd7 Rxa4 43. Rxf7 Ra2 44. Rf6 Rxb2 45. Rxg6 a4 46. Rxe6 a3 47. Re4 b5 48. Re8+ Kb7 49. Re7+ Kb6 50. Re6+ Kc5 51. Ra6 Rb3 52. f5 Rxc3+ 53. Kh4 Kb4 54. f6 Rc2 55. Kxh5 Kb3 56. g4 Rxh2+ 57. Kg6 a2 58. f7 Rf2 59. g5 1/2-1/2

[Event "BCF-chT 9697 (4NCL)"]
[Site "England"]
[Date "1996.11.23"]
[Round "3.3"]
[White "Cobb, James"]
[Black "O'Shaughnessy, Conor"]
[Result "0-1"]
[WhiteElo "2260"]
[BlackElo "2260"]
[PlyCount "116"]
[EventDate "1996.10.??"]
[EventType "team"]
[EventRounds "12"]
[EventCountry "ENG"]
[SourceTitle "EXT 1999"]
[Source "ChessBase"]
[SourceDate "1998.11.16"]
[SourceVersion "1"]
[SourceVersionDate "1998.11.16"]
[SourceQuality "1"]
[WhiteTeam "Witney"]
[BlackTeam "Na Fianna"]
[WhiteTeamCountry "ENG"]
[BlackTeamCountry "ENG"]

1. Nf3 Nf6 2. c4 c5 3. Nc3 e6 4. g3 b6 5. Bg2 Bb7 6. 0-0 Be7 7. b3 a6 8. Bb2 0-0 9. d4 cxd4 10. Qxd4 d6 11. Rfd1 Nbd7 12. e4 Qc7 13. Ba3 Nc5 14. e5 dxe5 15. Qxe5 Qc8 16. Bb2 Bc6 17. Qf4 Rd8 18. Rxd8+ Bxd8 19. Rd1 Bc7 20. Qe3 Qe8 21. b4 Ncd7 22. b5 axb5 23. cxb5 Bb7 24. Nd4 Bxg2 25. Kxg2 Ne5 26. Qe2 Nfd7 27. f4 Ng6 28. Nc6 Bxf4 29. Qd3 Nc5 30. Qd4 e5 31. Qc4 Bg5 32. h4 Bf6 33. Nd5 Qe6 34. a3 h5 35. Nxb6 Qxc4 36. Nxc4 Ra4 37. Nb6 Rg4 38. Kh2 Ne4 39. Rd3 Bxh4 40. gxh4 Nf4 41. Rf3 Rg2+ 42. Kh1 Rxb2 43. Nxe5 Rxb5 44. Nbd7 Rb1+ 45. Kh2 Rb2+ 46. Kh1 f6 47. Nc4 Ra2 48. Ndb6 g5 49. hxg5 fxg5 50. Kg1 h4 51. Na4 h3 52. Nab2 Ra1+ 53. Kh2 Rc1 54. Ne3 Re1 55. Nbd1 Re2+ 56. Kh1 Ra2 57. Ng4 Ra1 58. Nge3 Kh7 0-1

[Event "Olympiad-32"]
[Site "Yerevan"]
[Date "1996.09.28"]
[Round "12.4"]
[White "Torres Gonzalez, Jose Arturo"]
[Black "O'Shaughnessy, Conor"]
[Result "1/2-1/2"]
[WhiteElo "2165"]
[BlackElo "2260"]
[PlyCount "128"]
[EventDate "1996.09.15"]
[EventType "team-swiss"]
[EventRounds "14"]
[EventCountry "ARM"]
[SourceTitle "CBM 055"]
[Source "ChessBase"]
[SourceDate "1996.12.01"]
[SourceVersion "1"]
[SourceVersionDate "1996.12.01"]
[SourceQuality "1"]
[WhiteTeam "Venezuela"]
[BlackTeam "Ireland"]
[WhiteTeamCountry "VEN"]
[BlackTeamCountry "IRL"]

1. e4 c5 2. Nf3 d6 3. c3 Nf6 4. h3 Nc6 5. Bd3 g6 6. 0-0 Bg7 7. Bc2 0-0 8. Re1 a6 9. d4 cxd4 10. cxd4 Nb4 11. Bb3 d5 12. e5 Ne4 13. a3 Nc6 14. Nbd2 Nxd2 15. Bxd2 Na5 16. Rc1 Be6 17. Bxa5 Qxa5 18. Rc5 Qb6 19. Qd3 Rfd8 20. Rec1 Bh6 21. R1c3 Rd7 22. Ba4 Rdd8 23. Rb3 Qa7 24. Rc7 Rab8 25. g4 Rdc8 26. Qc3 Qa8 27. Rb6 Bf4 28. Kg2 Bh6 29. Qc5 Bf8 30. Ng5 Rxc7 31. Qxc7 Bc8 32. Be8 Be6 33. Nxe6 Rxe8 34. Nxf8 Kxf8 35. Rxb7 a5 36. a4 Qa6 37. Rb5 h5 38. Qxa5 Qc6 39. Rc5 Qe6 40. f3 f5 41. Qd2 fxg4 42. hxg4 hxg4 43. Qf4+ Kg7 44. Qxg4 Qb6 45. Rc2 Qb3 46. Rf2 Qxa4 47. Qh4 Qb4 48. Qg4 Rf8 49. Qe6 Qxd4 50. Qxe7+ Rf7 51. Qg5 Rf5 52. Qg3 Rxe5 53. f4 Re3 54. Qg4 Qe4+ 55. Kh2 d4 56. b4 d3 57. b5 Re2 58. Qd7+ Kf8 59. Qd8+ Kf7 60. Qd7+ Qe7 61. Qxe7+ Rxe7 62. Kg3 Rb7 63. Rd2 Rxb5 64. Rxd3 g5 1/2-1/2